Proceedings of the eighth annual Conference on Biological Sonar and Diving Mammals : held at Stanford Research Institute, Biological Sonar Laboratory, Menlo Park, California, October 22 and 23, 1971.

Bibliographic Details
Corporate Authors: Conference on Biological Sonor and Diving Mammals Stanford Research Institute, Stanford Research Institute. Marine Mammal Study Center. Biological Sonar Laboratory
Format: Conference Proceeding Book
Language:English
Published: Fremont, Calif. : Biological Sonar Laboratory, Marine Mammal Study Center, [1971?]
Subjects:

MARC

Tag First Indicator Second Indicator Subfields
LEADER 00000cam a2200000 a 4500
001 in00004472613
005 20191202143017.0
008 890802s1971 caua b 10010 eng d
035 |a (OCoLC)20114886 
035 |9 AAD6732MS 
035 |z (UtOrBLW)10970 
035 |a 20422 
040 |a TMV  |c TMV  |d UtOrBLW 
049 |a TMVM  |c 1 
060 4 |a QL 737 C4  |b C748 1971p 
111 2 |a Conference on Biological Sonor and Diving Mammals  |n (8th :  |d 1971 :  |c Stanford Research Institute) 
245 1 0 |a Proceedings of the eighth annual Conference on Biological Sonar and Diving Mammals :  |b held at Stanford Research Institute, Biological Sonar Laboratory, Menlo Park, California, October 22 and 23, 1971. 
264 1 |a Fremont, Calif. :  |b Biological Sonar Laboratory, Marine Mammal Study Center,  |c [1971?] 
300 |a vi, 148 leaves :  |b illustrations ;  |c 28 cm. 
336 |a text  |2 rdacontent  |b txt 
337 |a unmediated  |2 rdamedia 
338 |a volume  |2 rdacarrier  |b nc 
504 |a Includes bibliographies. 
650 2 |a Auditory Perception. 
650 2 |a Behavior, Animal. 
650 2 |a Cetacea. 
650 2 |a Dolphins. 
650 2 |a Marine Biology. 
655 7 |a Congresses.  |2 mesh 
710 2 |a Stanford Research Institute.  |b Marine Mammal Study Center.  |b Biological Sonar Laboratory. 
999 |a MARS 
999 f f |s 25b63d0b-1fac-32bd-a5e8-df2873e89f51  |i 011b519a-6ba1-3b43-9458-ca8471766358  |t 0 
952 f f |p ric  |a Texas A&M University  |b Rellis Campus  |c Joint Library Facility  |d Remote Storage  |t 0  |e QL 737 C4 C748 1971p  |h National Library of Medicine classification  |i unmediated -- volume  |m 323890088876J 
998 f f |a QL 737 C4 C748 1971p  |t 0  |l Remote Storage